V Международный горно-геологический форум "Минерально-сырьевые ресурсы стран СНГ". Симпозиум "Горное оборудование, переработка минерального сырья, новые технологии, экология" (Запись № 27342)

Подробности
000 -МАРКЕР
контрольное поле 02324nam0a2200337 4500
001 - ИДЕНТИФИКАТОР ЗАПИСИ
контрольное поле RU\NLR\bibl\8753
005 - ИДЕНТИФИКАТОР ВЕРСИИ
контрольное поле 20260407022320.0
035 ## - ДРУГИЕ СИСТЕМНЫЕ НОМЕРА
Идентификатор записи (NLR Aleph) 000008553
100 ## - ДАННЫЕ ОБЩЕЙ ОБРАБОТКИ
Данные общей обработки 19981127d1998 |||y0rusy50 ca
101 0# - ЯЗЫК РЕСУРСА
Язык текста, звукозаписи и т.д. русский
-- английский
102 ## - СТРАНА ПУБЛИКАЦИИ ИЛИ ПРОИЗВОДСТВА
Страна публикации Российская Федерация
105 ## - ПОЛЕ КОДИРОВАННЫХ ДАННЫХ: ТЕКСТОВЫЕ МАТЕРИАЛЫ, МОНОГРАФИЧЕСКИЕ
Кодированные данные о монографическом текстовом документе |||||||||||||
200 1# - ЗАГЛАВИЕ И СВЕДЕНИЯ ОБ ОТВЕТСТВЕННОСТИ
Основное заглавие V Международный горно-геологический форум "Минерально-сырьевые ресурсы стран СНГ". Симпозиум "Горное оборудование, переработка минерального сырья, новые технологии, экология"
Параллельное заглавие V International mining and geological Forum "Mineral Resources of the CIS States", St. Petersburg, 1997. Symposium "Mining equipment, processing of mineral raw materials, new technologies, ecology" - ETER-97, 7 окт.-10 окт. 1997 года
Сведения, относящиеся к заглавию Тез. докл.
Язык параллельного заглавия английский
210 ## - ПУБЛИКАЦИЯ, РАСПРОСТРАНЕНИЕ И ДР.
Место издания, распространения и т.д. [СПб.]
Имя издателя, распространителя и т. д. Б.и.
Дата издания, распространения и т.д. [1998]
215 ## - ФИЗИЧЕСКАЯ ХАРАКТЕРИСТИКА
Специфическое обозначение материала и объем 150 с.
Размеры 29
225 1# - СЕРИЯ
Основное заглавие серии Минерально-сырьевые ресурсы стран СНГ
Параллельное заглавие серии Mineral Resources of the CIS
300 ## - ОБЩИЕ ПРИМЕЧАНИЯ
Текст примечания Часть текста на англ. яз.
510 1# - ПАРАЛЛЕЛЬНОЕ ЗАГЛАВИЕ
Связь между полями z01791
Параллельное заглавие V International mining and geological Forum "Mineral Resources of the CIS States", St. Petersburg. Symposium "Mining equipment, processing of mineral raw materials, new technologies, ecology" - ETER-97
Язык заглавия английский
606 0# - НАИМЕНОВАНИЕ ТЕМЫ КАК ПРЕДМЕТ
Наименование темы Горное дело
Формальный подзаголовок Съезды, совещания и т.п.
Системный номер авторитетной/нормативной записи 1143947
Идентификатор авторитетной/нормативной записи RU\NLR\auth\66137278
686 ## - ИНДЕКСЫ ДРУГИХ КЛАССИФИКАЦИЙ
Индекс И.я431
710 12 - НАИМЕНОВАНИЕ ОРГАНИЗАЦИИ - ПЕРВИЧНАЯ ОТВЕТСТВЕННОСТЬ
Код отношения Автор
Начальный элемент ввода "Минерально-сырьевые ресурсы стран СНГ", международный форум
Порядковый номер временной организации и / или порядковый номер ее части 5
Дата проведения временной организации 1997
Место проведения временной организации Санкт-Петербург
Идентификатор авторитетной/нормативной записи RU\NLR\AUTH\8810001610
Системный номер авторитетной/нормативной записи 500408
711 12 - НАИМЕНОВАНИЕ ОРГАНИЗАЦИИ - АЛЬТЕРНАТИВНАЯ ОТВЕТСТВЕННОСТЬ
Код отношения Автор
Начальный элемент ввода "Горное оборудование, переработка минерального сырья, новые технологии, экология", симпозиум
Дата проведения временной организации 1996
Место проведения временной организации Санкт-Петербург
Идентификатор авторитетной/нормативной записи RU\NLR\AUTH\8810001604
Системный номер авторитетной/нормативной записи 500397
791 12 - НАИМЕНОВАНИЕ ОРГАНИЗАЦИИ - АЛЬТЕРНАТИВНАЯ ФОРМА
Код отношения Автор
Материалы, к которым относится поле eng
Начальный элемент ввода "Mineral resources of CIS states", international forum
Порядковый номер временной организации и / или порядковый номер ее части 5
Дата проведения временной организации 1997
Место проведения временной организации Petersburg
Графика поля Латинская
Идентификатор авторитетной/нормативной записи RU\NLR\auth\8810007487
Системный номер авторитетной/нормативной записи 512604
801 #0 - ИСТОЧНИК ЗАПИСИ
Страна Российская Федерация
Организация NLR
Дата составления 19981127
Правила каталогизации PSBO
801 #1 - ИСТОЧНИК ЗАПИСИ
Страна Российская Федерация
Организация NLR
Дата составления 19981127
852 ## - МЕСТОНАХОЖДЕНИЕ И ШИФР ХРАНЕНИЯ
Идентификатор организации NLR
Шифр хранения (Call Number) 98-8/1074
942 ## - ДОПОЛНИТЕЛЬНЫЕ ЭЛЕМЕНТЫ ЗАПИСИ (АБИС)
Тип экземпляра АБИС Книга
980 ## - КОЛЛЕКЦИЯ
Название коллекции Национальная библиография
Экземпляры
Тип экземпляра Дата поступления Библиотека постоянного хранения Библиотека текущего хранения Место хранения Шифр хранения Штрих-код Статус экземпляра
Книга 26.10.2013 РНБ (Московский) РНБ (Московский) Русский книжный фонд: издания с 1957 года 98-8/1074 8553-10